Statistics for England World Cup 2022 Squad

Click here to take the quiz!

General Stats

  • This quiz has been taken 29 times
  • The average score is 23 of 26

Answer Stats

PositionClubPlayer% Correct
FWTottenham HotspurHarry Kane
100%
DFManchester UnitedHarry Maguire
100%
FWManchester UnitedMarcus Rashford
100%
FWChelseaRaheem Sterling
100%
DFManchester CityJohn Stones
96%
GKEvertonJordan Pickford
96%
DFManchester CityKyle Walker
96%
DFManchester UnitedLuke Shaw
96%
DFLiverpoolTrent Alexander-Arnold
96%
FWArsenalBukayo Saka
93%
FWManchester CityJack Grealish
93%
MFLiverpoolJordan Henderson
93%
MFBorussia DortmundJude Bellingham
93%
MFManchester CityPhil Foden
93%
MFWest Ham UnitedDeclan Rice
89%
MFLeicester CityJames Maddison
89%
MFChelseaMason Mount
89%
MFManchester CityKalvin Phillips
85%
GKNewcastle UnitedNick Pope
85%
GKArsenalAaron Ramsdale
81%
DFTottenham HotspurEric Dier
81%
DFNewcastle UnitedKieran Trippier
81%
DFArsenalBen White
78%
FWNewcastle UnitedCallum Wilson
63%
DFEvertonConor Coady
59%
MFChelseaConor Gallagher
59%

Score Distribution

Percentile by Number Answered

Percent of People with Each Score

Your Score History

You have not taken this quiz